书目信息 |
| 题名: |
世象杂谈
|
|
| 作者: | 林放 著 | |
| 分册: | ||
| 出版信息: | 上海 上海文化出版社 1984 |
|
| 页数: | 200页 | |
| 开本: | 19cm | |
| 丛书名: | ||
| 单 册: | ||
| 中图分类: | D432.62 | |
| 科图分类: | ||
| 主题词: | 青年--思想政治教育--中国 | |
| 电子资源: | ||
| ISBN: | ||
| 000 | 00593nam0 2200229 45 | |
| 001 | 0184014859 | |
| 005 | 20060523090905.04 | |
| 010 | @dCNY0.92 | |
| 091 | @a10077.3054 | |
| 100 | @a19950609d1984 em y0chiy0121 ea | |
| 101 | 0 | @achi |
| 102 | @aCN@b310000 | |
| 105 | @ay z 000cy | |
| 200 | 10 | @a世象杂谈@Ashi xiang za tan@f林放著@FLin Fang Zhu |
| 210 | @a上海@c上海文化出版社@d1984 | |
| 215 | @a200页@d19cm | |
| 606 | 0 | @a青年@x思想政治教育@x中国 |
| 690 | @aD432.62@v3 | |
| 701 | 0 | @a林放@4著 |
| 801 | 2 | @aCN@bNLC@c20060523 |
| 801 | 0 | @aCN@b上海图书馆@c20040420 |
| 905 | @dD432.62@e104 | |
| 世象杂谈/林放著.-上海:上海文化出版社,1984 |
| 200页;19cm |
| ISBN :CNY0.92 |
| ● |
| 相关链接 |
|
|
|
|
正题名:世象杂谈
索取号:D432.62/104
 
预约/预借
| 序号 | 登录号 | 条形码 | 馆藏地/架位号 | 状态 | 备注 |
| 1 | 0172333 | 202371557 | 密集书库/ [索取号:D432.62/104] | 在馆 | |
| 2 | 0172334 | 000481400 | 密集书库/ [索取号:D432.62/104] | 在馆 | |
| 3 | 0172335 | 000481419 | 第一样本阅览室/ [索取号:D432.62/104] | 在馆 |